[Event "Lazarevskoe op"]
[Site "Lazarevskoe"]
[Date "2013.06.??"]
[Round "4"]
[White "Nikolaev, Valerij"]
[Black "Mavlyaveev, Vladimir"]
[Result "0-1"]
[WhiteElo "1852"]
[BlackElo "1714"]
[PlyCount "106"]
[EventDate "2013.06.03"]
[EventType "swiss"]
[EventRounds "9"]
[EventCountry "RUS"]
[SourceTitle "EXT 2015"]
[Source "ChessBase"]
[SourceDate "2014.11.20"]
[SourceVersion "1"]
[SourceVersionDate "2014.11.20"]
[SourceQuality "1"]

1. e4 e5 2. d3 Bc5 3. Nf3 Nc6 4. c3 d6 5. b4 Bb6 6. Nbd2 Nf6 7. Nc4 Be6 8. Nxb6 axb6 9. a3 h6 10. Be2 0-0 11. 0-0 Ne7 12. Ne1 Ng6 13. g3 d5 14. exd5 Nxd5 15. Bb2 Bh3 16. Ng2 Qg5 17. Bf3 Rad8 18. Re1 c6 19. Qc2 Rfe8 20. Bc1 Qe7 21. Ne3 Be6 22. Nc4 Qc7 23. Bb2 f5 24. Bh5 Bf7 25. Ne3 Nf6 26. Bf3 e4 27. dxe4 fxe4 28. Bg2 Ne5 29. Re2 Nd3 30. c4 Nxb2 31. Qxb2 Rd3 32. Rae1 Ra8 33. Ra1 Rad8 34. Rc2 Qd7 35. Bf1 Rd4 36. Rac1 Be6 37. h4 Ng4 38. Ng2 Rd1 39. Nf4 Bf5 40. Rxd1 Qxd1 41. Rc1 Qd2 42. Rc2 Qd7 43. Qc3 e3 44. Rc1 exf2+ 45. Kh1 Be4+ 46. Ng2 Ne5 47. g4 Nf3 48. Nf4 Qxg4 49. Bg2 Qxf4 50. Bxf3 Bxf3+ 51. Qxf3 Qxf3+ 52. Kh2 f1N+ 53. Kg1 Qe3+ 0-1

[Event "Lazarevskoe op"]
[Site "Lazarevskoe"]
[Date "2013.06.??"]
[Round "2"]
[White "Vorushilo, Alena"]
[Black "Mavlyaveev, Vladimir"]
[Result "0-1"]
[WhiteElo "1559"]
[BlackElo "1714"]
[PlyCount "56"]
[EventDate "2013.06.03"]
[EventType "swiss"]
[EventRounds "9"]
[EventCountry "RUS"]
[SourceTitle "EXT 2015"]
[Source "ChessBase"]
[SourceDate "2014.11.20"]
[SourceVersion "1"]
[SourceVersionDate "2014.11.20"]
[SourceQuality "1"]

1. e4 e5 2. Nf3 Nc6 3. d4 exd4 4. Nxd4 Nf6 5. Nc3 Bb4 6. Nxc6 bxc6 7. Bd3 d5 8. 0-0 Bxc3 9. bxc3 dxe4 10. Qe2 0-0 11. Bxe4 Re8 12. f3 Bf5 13. Bg5 Qe7 14. Qc4 Bxe4 15. Rae1 Bd5 16. Rxe7 Bxc4 17. Rfe1 Rxe7 18. Rxe7 Nd5 19. Re4 Bxa2 20. Ra4 Bb1 21. Rc4 Bxc2 22. Rxc6 f6 23. Rc5 fxg5 24. Rxd5 a5 25. Rxg5 a4 26. Re5 a3 27. Re1 a2 28. Ra1 Bb1 0-1

[Event "Arkhipo Osipovka op"]
[Site "Arkhipo Osipovka"]
[Date "2012.08.31"]
[Round "4"]
[White "Brazhnikov, Vladislav"]
[Black "Mavlyaveev, Vladimir"]
[Result "1-0"]
[WhiteElo "1765"]
[BlackElo "1762"]
[PlyCount "67"]
[EventDate "2012.08.28"]
[EventType "swiss"]
[EventRounds "9"]
[EventCountry "RUS"]
[SourceTitle "EXT 2023"]
[Source "ChessBase"]
[SourceDate "2022.10.05"]
[SourceVersion "1"]
[SourceVersionDate "2022.10.05"]
[SourceQuality "1"]

1. d4 Nf6 2. c4 e5 3. dxe5 Ng4 4. Nf3 Nc6 5. Nc3 Bc5 6. e3 Qe7 7. Nd5 Qd8 8. Bd2 Ngxe5 9. Bc3 Nxf3+ 10. Qxf3 0-0 11. Nf6+ Kh8 12. Qh5 h6 13. Qf5 Qxf6 14. Bxf6 d6 15. Qh5 Bb4+ 16. Bc3 Bxc3+ 17. bxc3 Ne5 18. Qh4 Bd7 19. Be2 Bc6 20. 0-0 Rae8 21. Qd4 b6 22. Rac1 Re6 23. f4 Rg6 24. e4 Nd7 25. f5 Rf6 26. g4 Re8 27. Bf3 Ne5 28. h4 g5 29. hxg5 hxg5 30. Qd2 Rg8 31. Kg2 Rh6 32. Rh1 Nxf3 33. Kxf3 Rh4 34. Rxh4+ 1-0

[Event "Arkhipo Osipovka op"]
[Site "Arkhipo Osipovka"]
[Date "2012.08.30"]
[Round "3"]
[White "Mavlyaveev, Vladimir"]
[Black "Zolotov, Andrey"]
[Result "0-1"]
[WhiteElo "1762"]
[BlackElo "1820"]
[PlyCount "62"]
[EventDate "2012.08.28"]
[EventType "swiss"]
[EventRounds "9"]
[EventCountry "RUS"]
[SourceTitle "EXT 2023"]
[Source "ChessBase"]
[SourceDate "2022.10.05"]
[SourceVersion "1"]
[SourceVersionDate "2022.10.05"]
[SourceQuality "1"]

1. e4 e5 2. Nf3 Nc6 3. Bc4 Bc5 4. c3 Nf6 5. d4 exd4 6. 0-0 Nxe4 7. cxd4 Be7 8. d5 Na5 9. Bd3 Nf6 10. Nc3 b6 11. Re1 0-0 12. a3 Nb7 13. Bg5 Re8 14. Qc2 h6 15. Bh4 Nc5 16. Bf5 d6 17. Bxc8 Qxc8 18. b4 Ncd7 19. Nd4 Ne5 20. f4 Qg4 21. Bxf6 Bxf6 22. fxe5 Qxd4+ 23. Kh1 Bxe5 24. Nb5 Qf4 25. g3 Qf3+ 26. Kg1 Bxa1 27. Rf1 Qe3+ 28. Rf2 Bd4 29. Nxd4 Qxd4 30. Qxc7 Re1+ 31. Kg2 Qe4+ 0-1

[Event "Belorechensk Sarkisov Memorial op"]
[Site "Belorechensk"]
[Date "2012.05.26"]
[Round "4"]
[White "Suslov, Nikolay"]
[Black "Mavlyaveev, Vladimir"]
[Result "1-0"]
[WhiteElo "1960"]
[BlackElo "1770"]
[PlyCount "89"]
[EventDate "2012.05.23"]
[EventType "swiss"]
[EventRounds "9"]
[EventCountry "RUS"]
[SourceTitle "CBM 148 Extra"]
[Source "ChessBase"]
[SourceDate "2012.06.22"]
[SourceVersion "1"]
[SourceVersionDate "2012.06.22"]
[SourceQuality "1"]

1. e4 e5 2. Nf3 Nc6 3. Bb5 a6 4. Ba4 g6 5. 0-0 Bg7 6. Re1 Nge7 7. c3 0-0 8. d4 b5 9. Bb3 d6 10. h3 Na5 11. Bc2 c5 12. dxe5 dxe5 13. Nbd2 Nac6 14. Nf1 Bb7 15. Be3 c4 16. Qe2 Qc7 17. Bc5 Nd8 18. Qe3 Ne6 19. Bb6 Qc6 20. Ng3 a5 21. b4 axb4 22. cxb4 Ra6 23. Ba5 Nd4 24. Qc3 Nxf3+ 25. gxf3 f5 26. a4 bxa4 27. Bxa4 Qe6 28. Bb5 Rc8 29. Bxa6 Bxa6 30. Kg2 f4 31. Ne2 Bf8 32. Red1 Nc6 33. Rd5 Nxa5 34. Raxa5 Bg7 35. Qd2 Qf6 36. Rd6 Qg5+ 37. Kh2 c3 38. Qd5+ Kh8 39. Raxa6 Bf8 40. Ra8 Rxa8 41. Qxa8 Qe7 42. Rd8 Kg7 43. Rxf8 Qh4 44. Kg2 Qg5+ 45. Kf1 1-0

[Event "South FR-ch"]
[Site "Armavir"]
[Date "2012.03.??"]
[Round "7"]
[White "Mavlyaveev, Vladimir"]
[Black "Nikolaev, Valerij"]
[Result "0-1"]
[WhiteElo "1780"]
[BlackElo "1808"]
[PlyCount "120"]
[EventDate "2012.03.11"]
[EventType "swiss"]
[EventRounds "9"]
[EventCountry "RUS"]
[SourceTitle "EXT 2023"]
[Source "ChessBase"]
[SourceDate "2022.10.05"]
[SourceVersion "1"]
[SourceVersionDate "2022.10.05"]
[SourceQuality "1"]

1. e4 g6 2. d4 Bg7 3. Nc3 d6 4. Nf3 Nf6 5. h3 Nbd7 6. Be3 e5 7. Bc4 0-0 8. dxe5 dxe5 9. Qe2 c6 10. a4 b6 11. Rd1 Qc7 12. 0-0 Nh5 13. Qd2 a6 14. Qd6 Qb7 15. b4 b5 16. axb5 axb5 17. Bb3 Ra6 18. Ra1 Nf4 19. Kh2 h6 20. Rxa6 Qxa6 21. g3 Ne6 22. Nh4 Kh7 23. Bxe6 fxe6 24. Qxe6 Rf6 25. Qb3 Nb6 26. Bc5 Be6 27. Qb1 Nc4 28. Qd1 Qc8 29. g4 Rf7 30. Qe2 Bf8 31. Bxf8 Qxf8 32. f3 Qxb4 33. Qe1 Rd7 34. Qa1 Qe7 35. Ng2 Rd2 36. Nd1 Rxc2 37. Rf2 Rxf2 38. Nxf2 g5 39. Nd3 Qd6 40. Nge1 Bf7 41. Qc3 c5 42. Qc2 h5 43. Qf2 Qd4 44. Qxd4 cxd4 45. Nc2 Kg7 46. Ncb4 Kf6 47. Kg2 hxg4 48. hxg4 Ne3+ 49. Kf2 Bc4 50. Ke2 Ke6 51. Kd2 Bxd3 52. Nxd3 Kd6 53. Nf2 b4 54. Nh3 Kc5 55. Nxg5 b3 56. Kc1 Nc4 57. Ne6+ Kb4 58. g5 Kc3 59. g6 b2+ 60. Kd1 d3 0-1

[Event "South FR-ch"]
[Site "Armavir"]
[Date "2012.03.??"]
[Round "2"]
[White "Stroevsky, Ivan"]
[Black "Mavlyaveev, Vladimir"]
[Result "0-1"]
[WhiteElo "2017"]
[BlackElo "1780"]
[PlyCount "46"]
[EventDate "2012.03.11"]
[EventType "swiss"]
[EventRounds "9"]
[EventCountry "RUS"]
[SourceTitle "EXT 2023"]
[Source "ChessBase"]
[SourceDate "2022.10.05"]
[SourceVersion "1"]
[SourceVersionDate "2022.10.05"]
[SourceQuality "1"]

1. e4 e5 2. Nf3 Nc6 3. Bc4 Bc5 4. d3 d6 5. Ng5 Qf6 6. 0-0 h6 7. Nxf7 Rh7 8. Nxd6+ Bxd6 9. Bxg8 Rh8 10. Bb3 Bd7 11. Nc3 0-0-0 12. Nd5 Qg6 13. Kh1 Nd4 14. f4 Bg4 15. Qe1 Qh5 16. fxe5 Bxe5 17. Bf4 Rhe8 18. Bxe5 Rxe5 19. Qc3 Rdxd5 20. Bxd5 Ne2 21. Rf8+ Kd7 22. Qe1 Qxh2+ 23. Kxh2 Rh5+ 0-1

[Event "Yuzhny FO-ch op"]
[Site "Armavir"]
[Date "2011.03.12"]
[Round "1"]
[White "Mavlyaveev, Vladimir"]
[Black "Gubernatorov, Sergey"]
[Result "0-1"]
[WhiteElo "1803"]
[BlackElo "2287"]
[PlyCount "98"]
[EventDate "2011.03.12"]
[EventType "swiss"]
[EventRounds "9"]
[EventCountry "RUS"]
[SourceTitle "CBM 141 Extra"]
[Source "ChessBase"]
[SourceDate "2011.05.03"]
[SourceVersion "1"]
[SourceVersionDate "2011.05.03"]
[SourceQuality "1"]

1. e4 c5 2. Nf3 g6 3. c3 Bg7 4. d4 cxd4 5. cxd4 d5 6. Bb5+ Bd7 7. Bxd7+ Qxd7 8. e5 Nc6 9. Nc3 f6 10. exf6 exf6 11. 0-0 Nge7 12. h3 0-0 13. Bf4 Rac8 14. Qa4 a6 15. Rfe1 Rfd8 16. Rac1 Nf5 17. Bh2 Ncxd4 18. Nxd4 Qxa4 19. Nxa4 Nxd4 20. Rxc8 Rxc8 21. Nc3 Rd8 22. Bc7 Rd7 23. Bb6 Nb5 24. Rd1 Nxc3 25. bxc3 f5 26. Bd4 Bxd4 27. Rxd4 Kf7 28. f4 Ke6 29. Kf2 Rc7 30. Rd3 Rc4 31. g3 Re4 32. Re3 Rxe3 33. Kxe3 Kd6 34. Kd4 b5 35. g4 fxg4 36. hxg4 h5 37. f5 hxg4 38. fxg6 Ke6 39. g7 Kf7 40. g8R Kxg8 41. Ke3 Kf7 42. Kf4 Ke6 43. Kxg4 Ke5 44. Kf3 d4 45. Ke2 dxc3 46. Kd3 b4 47. a3 a5 48. a4 Kd5 49. Kc2 Kc4 0-1

[Event "Yuzhny FO-ch op"]
[Site "Armavir"]
[Date "2010.03.??"]
[Round "5"]
[White "Mavlyaveev, Vladimir"]
[Black "Kudrin, Oleg"]
[Result "1-0"]
[WhiteElo "1810"]
[BlackElo "2032"]
[PlyCount "65"]
[EventDate "2010.03.??"]
[EventType "swiss"]
[EventRounds "9"]
[EventCountry "RUS"]
[SourceTitle "CBM 135 Extra"]
[Source "ChessBase"]
[SourceDate "2010.05.04"]
[SourceVersion "1"]
[SourceVersionDate "2010.05.04"]
[SourceQuality "1"]

1. e4 c5 2. Nf3 d6 3. Bb5+ Bd7 4. Bxd7+ Nxd7 5. 0-0 e5 6. c3 Qf6 7. d4 Ne7 8. Na3 a6 9. Bg5 Qg6 10. dxc5 dxc5 11. Qxd7+ Kxd7 12. Nxe5+ Kc7 13. Nxg6 Nxg6 14. Rad1 h6 15. Be3 Ne5 16. Bf4 Bd6 17. Rxd6 Kxd6 18. Nc4+ Ke6 19. Nxe5 g5 20. Bg3 Rhd8 21. Nc4 b5 22. Ne3 Rd2 23. Rb1 Rad8 24. Kf1 R8d3 25. Ke1 a5 26. Bc7 a4 27. Bb6 Kd6 28. Ba5 Ke5 29. c4 b4 30. a3 Kxe4 31. axb4 Rd7 32. bxc5 R2d3 33. c6 1-0